Principis del dret successori aplicats a formules d'usdefruit vidual i d'herència vitalicia / (Registro nro. 130013)
[ vista simple ]
| 000 -LEADER | |
|---|---|
| campo de control de longitud fija | 00989nam a2200253 i 4500 |
| 001 - NÚMERO DE CONTROL | |
| campo de control | 130013 |
| 003 - IDENTIFICADOR DE NÚMERO DE CONTROL | |
| campo de control | ES-MaACL |
| 005 - FECHA Y HORA DE LA ÚLTIMA TRANSACCIÓN | |
| campo de control | 20230906193626.0 |
| 007 - CAMPO FIJO DE DESCRIPCIÓN FÍSICA--INFORMACIÓN GENERAL | |
| campo de control de longitud fija | t| |
| 008 - DATOS DE LONGITUD FIJA--INFORMACIÓN GENERAL | |
| campo de control de longitud fija | 170105s1985 sp ||||1| cat d |
| 020 ## - NÚMERO INTERNACIONAL ESTÁNDAR DEL LIBRO | |
| Número Internacional Estándar del Libro | 84-393-0514-1 |
| 100 1# - ENTRADA PRINCIPAL--NOMBRE DE PERSONA | |
| Nombre de persona | Martí i Miralles, Joan. |
| 9 (RLIN) | 77245 |
| 245 10 - MENCIÓN DEL TÍTULO | |
| Título | Principis del dret successori aplicats a formules d'usdefruit vidual i d'herència vitalicia / |
| Mención de responsabilidad, etc. | Joan Martí i Miralles ; introducció de Lluís Puig i Ferriol. |
| 250 ## - MENCION DE EDICION | |
| Mención de edición | Ed. facs. |
| 260 ## - PUBLICACIÓN, DISTRIBUCIÓN, ETC. | |
| Lugar de publicación, distribución, etc. | [Barcelona] : |
| Nombre del editor, distribuidor, etc. | Generalitat de Catalunya, Departament de Justicia, |
| Fecha de publicación, distribución, etc. | 1985. |
| 300 ## - DESCRIPCIÓN FÍSICA | |
| Extensión | XVI, 353 p. ; |
| Dimensiones | 25 cm. |
| 490 1# - MENCIÓN DE SERIE | |
| Mención de serie | Textos jurídics catalans. Escriptors ; |
| Designación de volumen o secuencia | 2 |
| 534 ## - NOTA SOBRE LA VERSIÓN ORIGINAL | |
| Frase introductoria | Reprod. de la 1ª ed. de: |
| Publicación, distribución, etc. del original | Barcelona : Imp. La Renaixença, 1925. |
| 650 #4 - PUNTO DE ACCESO ADICIONAL DE MATERIA--TÉRMINO DE MATERIA | |
| Término de materia o nombre geográfico como elemento de entrada | Sucesión del cónyuge viudo- |
| Subdivisión geográfica | Cataluña. |
| 9 (RLIN) | 161519 |
| 700 0# - ENTRADA AGREGADA--NOMBRE PERSONAL | |
| Nombre de persona | Puig Ferriol, Luis. |
| 9 (RLIN) | 94265 |
| 830 0# - PUNTO DE ACCESO ADICIONAL DE SERIE-TÍTULO UNIFORME | |
| Título uniforme | Textos jurídics catalans. Escriptors ; |
| Designación de volumen o secuencia | 2 |
| 9 (RLIN) | 186797 |
| 852 ## - LOCALIZACIÓN | |
| Ubicación | ES-MaACL |
| Número de control de estantería | L-31159 |
| Estatus retirado | Estado de pérdida | Estado de daño | No para préstamo | Biblioteca de origen | Biblioteca actual | Ubicación en estantería | Fecha de adquisición | Fuente de adquisición | Total de préstamos | Signatura topográfica completa | Código de barras | Visto por última vez | Precio de reemplazo | Tipo de ítem Koha |
|---|---|---|---|---|---|---|---|---|---|---|---|---|---|---|
| Biblioteca del Ateneo de Madrid | Biblioteca del Ateneo de Madrid | Depósito 2 | 05/01/2017 | L-31159 | 1196875 | 23/02/2023 | 23/02/2023 | Libro impreso |
